|
|
|
|
| LEADER |
00000nam a2200000 a 4500 |
| 001 |
vtls001379200 |
| 003 |
SK-MaSNL |
| 005 |
20260301161333.0 |
| 008 |
210928s1975 CA a rb 0 slo |
| 015 |
|
|
|a SNBZSA2000-00097
|
| 035 |
|
|
|a SNK000333169
|
| 040 |
|
|
|a SNK
|b slo
|c SNK
|e AACR2
|
| 041 |
0 |
|
|a slo
|
| 044 |
|
|
|a CA
|
| 080 |
|
|
|a 262.14(=854)(71)
|2 1981
|
| 080 |
|
|
|a 929 Fuzy, Imrich
|2 1981
|
| 245 |
1 |
|
|a Pamätnica z príležitosti dvadsiateho piateho výročia apoštolského pôsobenia Otca Imricha Fuzyho v Hamiltone 1950 - 1975
|
| 260 |
|
|
|a [Hamilton
|b s.n.
|c 1975]
|
| 300 |
|
|
|a [32] s.
|b fotogr.
|c 22 cm
|
| 500 |
|
|
|a Ilustr. na obál.
|
| 500 |
|
|
|a Text čiast. angl.
|
| 500 |
|
|
|a Obalový náz.
|
| 500 |
|
|
|a Nestr.
|
| 600 |
1 |
|
|a Fuzy, Imrich,
|d 1914-2004
|2 SNK
|
| 610 |
2 |
7 |
|a Katolícka cirkev.
|b Osada sv. Cyrila a Metoda (Hamilton, Ont.)
|2 SNK
|9 524198
|
| 648 |
|
7 |
|a 1950-1975
|2 SNK
|9 288477
|
| 655 |
|
7 |
|a jubilejné publikácie
|2 SNK
|9 70339
|
| 958 |
|
|
|a ZS
|
| 958 |
|
|
|a TL
|
| 958 |
|
|
|a CA
|
| 958 |
|
|
|a BX
|
| 958 |
|
|
|a NT
|
| 958 |
|
|
|a OND
|
| 999 |
|
|
|c 809049
|d 810979
|
| 952 |
|
|
|t P60, <03>, [BOOK], {603}
|a SNK
|b SNK
|y PREZ
|7 0
|p 17A0237234
|o snkOSC 20679
|i snkV 688/2000
|0 0
|1 0
|4 0
|d 2000-05-09
|l 0
|r 2005-01-02 00:00:00
|w 2026-02-24
|
| 952 |
|
|
|a SNK
|b SNK
|y VYP
|7 0
|p 17A0464293
|o snkOSC 20679 D1
|i snk2005/8592
|8 1
|0 0
|1 0
|4 0
|d 2005-05-20
|l 0
|r 2026-02-24 02:30:55
|w 2026-02-24
|